<?xml version="1.0" encoding="UTF-8"?><?xml-stylesheet type="text/xsl" href="static/style.xsl"?><OAI-PMH xmlns="http://www.openarchives.org/OAI/2.0/" xmlns:xsi="http://www.w3.org/2001/XMLSchema-instance" xsi:schemaLocation="http://www.openarchives.org/OAI/2.0/ http://www.openarchives.org/OAI/2.0/OAI-PMH.xsd"><responseDate>2026-04-17T06:47:49Z</responseDate><request verb="GetRecord" identifier="oai:www.recercat.cat:10230/46404" metadataPrefix="marc">https://recercat.cat/oai/request</request><GetRecord><record><header><identifier>oai:recercat.cat:10230/46404</identifier><datestamp>2025-12-13T20:51:16Z</datestamp><setSpec>com_2072_6</setSpec><setSpec>col_2072_452954</setSpec></header><metadata><record xmlns="http://www.loc.gov/MARC21/slim" xmlns:dcterms="http://purl.org/dc/terms/" xmlns:xsi="http://www.w3.org/2001/XMLSchema-instance" xmlns:doc="http://www.lyncode.com/xoai" xsi:schemaLocation="http://www.loc.gov/MARC21/slim http://www.loc.gov/standards/marcxml/schema/MARC21slim.xsd">
   <leader>00925njm 22002777a 4500</leader>
   <datafield ind2=" " ind1=" " tag="042">
      <subfield code="a">dc</subfield>
   </datafield>
   <datafield ind2=" " ind1=" " tag="720">
      <subfield code="a">Morales Flórez, Angélica María</subfield>
      <subfield code="e">author</subfield>
   </datafield>
   <datafield ind2=" " ind1=" " tag="260">
      <subfield code="c">2021-02-09T20:39:35Z</subfield>
   </datafield>
   <datafield ind2=" " ind1=" " tag="260">
      <subfield code="c">2021-02-09T20:39:35Z</subfield>
   </datafield>
   <datafield ind2=" " ind1=" " tag="260">
      <subfield code="c">2021</subfield>
   </datafield>
   <datafield ind2=" " ind1=" " tag="520">
      <subfield code="a">Màster en Direcció de Marketing Digital (UPF Barcelona School of Management). Curs 2019-2020</subfield>
   </datafield>
   <datafield ind2=" " ind1=" " tag="520">
      <subfield code="a">Mentor: Gemma Torra</subfield>
   </datafield>
   <datafield ind2=" " ind1=" " tag="520">
      <subfield code="a">Wera Drua nace como un proyecto empresarial que en primer lugar busca responder a tres oportunidades en las tendencias de consumo de la sociedad panameña:&#xd;
&#xd;
- La importancia de tomar decisiones sostenibles en materia de consumo se está haciendo cada vez más visible y  &#xd;
    por eso cada vez más consumidores se ven influenciados por aspectos éticos y ecológicos.&#xd;
- Este interés está traspasando las fronteras de categorías como la moda, los accesorios e incluso la decoración del hogar, sectores en los que los consumidores manifiestan no encontrar muchas opciones.&#xd;
- Nos enfrentamos a un usuario cada vez más digitalizado, con mayor confianza y predilección por la rapidez y &#xd;
    amplia información que le brindan las compras online.&#xd;
&#xd;
En segundo lugar, y como la base de lo que será nuestra propuesta de valor, la compañía busca solucionar o aliviar un problema social: la poca visibilidad y falta de oportunidades para las poblaciones indígenas Emberá, especialmente sus mujeres, en cuyos trabajos manuales de artesanía étnica se guarda un legado cultural grandísimo, trabajos que a su vez representan una fuente de actividad económica.&#xd;
&#xd;
Ante esta realidad la marca Wera Drua se presenta como un e-commerce de accesorios de bisutería y decoración para el hogar con diseño étnico y 100% artesanales, cuyo factor diferencial es brindar en cada pieza una experiencia de consumo local, sostenible e incluso personal, pues a través de su herramienta de customización el usuario puede ajustar un diseño auténtico de nuestras indígenas artesanas a sus preferencias de colores o tamaño.</subfield>
   </datafield>
   <datafield tag="653" ind2=" " ind1=" ">
      <subfield code="a">e-commerce</subfield>
   </datafield>
   <datafield tag="653" ind2=" " ind1=" ">
      <subfield code="a">bisutería</subfield>
   </datafield>
   <datafield tag="653" ind2=" " ind1=" ">
      <subfield code="a">decoración para el hogar</subfield>
   </datafield>
   <datafield tag="653" ind2=" " ind1=" ">
      <subfield code="a">artesanía étnica</subfield>
   </datafield>
   <datafield tag="653" ind2=" " ind1=" ">
      <subfield code="a">sostenibilidad</subfield>
   </datafield>
   <datafield tag="653" ind2=" " ind1=" ">
      <subfield code="a">customización</subfield>
   </datafield>
   <datafield ind2="0" ind1="0" tag="245">
      <subfield code="a">Wera Drua: Tierra de mujeres</subfield>
   </datafield>
</record></metadata></record></GetRecord></OAI-PMH>